Normal view
MARC view
Entry Personal Name
001 - CONTROL NUMBER
- control field: 1234346
003 - CONTROL NUMBER IDENTIFIER
- control field: OSt
005 - DATE AND TIME OF LATEST TRANSACTION
- control field: 20260408133923.0
008 - FIXED-LENGTH DATA ELEMENTS
- fixed length control field: 260408|| aca||aabn | a|a d
040 ## - CATALOGING SOURCE
- Original cataloging agency: OSt
- Transcribing agency: OSt
100 ## - HEADING--PERSONAL NAME
- Personal name: Jha, Anoushka
670 ## - SOURCE DATA FOUND
- Source citation: Work cat.: (OSt)1848101: Jha, Anoushka, Understanding the occupational attributes of women in paid domestic work, 2017
